| 000 | 00530nam a2200193Ia 4500 | ||
|---|---|---|---|
| 003 | GCL | ||
| 008 | 140319s9999 xx 000 0 eng d | ||
| 040 |
_aGCL / _cGCL |
||
| 082 | 0 | 4 |
_a615.85154 _bD I |
| 100 | 1 | _aDAVIS, WILLIAM | |
| 245 | 1 | 0 |
_aAN INTRODUCTION TO MUSIC THERAPY: THEORY AND PRACTICE / _cDAVIS, WILLIAM |
| 700 | 1 | _aGFELLER, KATE E. | |
| 700 | 1 | _aTHAUT, MICHAEL H. | |
| 260 |
_a[S.N] : _bWM. C. BROWN PUBLISHERS ، _c1992 |
||
| 300 | _a379 P | ||
| 650 | 0 | 4 | _aMUSIC |
| 650 | 0 | 4 | _aMUSIC - THERAPY |
| 942 |
_2ddc _cBK |
||
| 999 |
_c12174 _d12174 |
||